000 00277nam a22001217a 4500
008 181004b xxu||||| |||| 00| 0 eng d
041 _aeng
080 _a101
100 _a24
101 _aFIL
245 _aGroundwork of the Metaphysic of Morals
_cPaton,H.J
942 _2udc
_cBK
999 _c48855
_d48855